Sports Quiz

Random Sports or Football Quiz

The last 30 FA Cup winners Quiz Stats

 Plays Quiz not verified by Sporcle

Score 0/30 Timer 05:00
1 Play Today
Last win Club % Correct
2016Manchester United
99.3%
2017Arsenal
99.3%
2018Chelsea
99.1%
2011Manchester City
98.4%
2006Liverpool
97.5%
1991Tottenham
95.2%
1995Everton
93.4%
2013Wigan
86.1%
1957Aston Villa
85.4%
1972Leeds
84.6%
1955Newcastle
84.3%
2008Portsmouth
82%
1980West Ham
81.9%
1973Sunderland
80%
1959Nottingham Forest
73.6%
Last win Club % Correct
1976Southampton
71.7%
1960Wolves
68.9%
1988Wimbledon
66.7%
1968West Brom
65.7%
1928Blackburn
64.7%
1935Sheffield Wednesday
63.2%
1946Derby
61.4%
1958Bolton
59.9%
1925Sheffield United
59.6%
1978Ipswich
58.1%
1927Cardiff
56%
1987Coventry
51.9%
1953Blackpool
50.3%
1938Preston North End
47.4%
1947Charlton
39.5%

You're not logged in!

Compare scores with friends on all Sporcle quizzes.
OR
Log In

Show Comments

Extras

Created Jan 4, 2019ReportNominate
Tags:Football Quiz, FA Cup

Top Quizzes Today


Score Distribution

Your Account Isn't Verified!

In order to create a playlist on Sporcle, you need to verify the email address you used during registration. Go to your Sporcle Settings to finish the process.

Report this User

Report this user for behavior that violates our Community Guidelines.

Details: